00904nam a2200265 i 4500003000900000005001700009007000300026008004100029040003000070082001800100110005400118222001700172245003400189264004700223300002600270336002700296337003300323338002800356590002700384740005000411910001400461942001300475952013300488999001700621DO-SdBNP20250617111630.0ta250617s2003 dr 000 0 spa d aDO-SdBNPbspacBNPHUerda axxxbR4262221 aRepública Dominicana.bCongreso Nacional964605 aLeyes, etc. 10aLey No. 55-93 :bsobre SIDA / 1aSanto Domingo :bCongreso Nacional,c2003. a23 páginas c22 cm. atextobtxt2rdacontent asin mediaciónbn2rdamedia avolumenbnc2rdacarrier aInventariado, 2025/ YL02aLey electoral nº 275-97 y sus modificaciones aYLockward 2ddccLF2 00102ddc51708PD-FaBNPHUbBNPHUcCTd2012-06-01eDonación l0oBNPHU F-PD xxx R426p2025-5343r2025-06-17w2025-06-17yLF2 c59312d59312